000 01371nam a2200217Ia 4500
008 220216s9999 xx 000 0 und d
100 _aJayasuriya K E
245 0 _aIn vitro antagonism caused by some species of fungi on Rigidoporus lignosus
260 _bJournal of the Rubber Research Institute of Sri Lanka
_c1996
300 _a89-101
520 _aFungi potentially antagonistic to Rigidoporus lignosus were isolated from a) by placing soil samples on agar plates previously colonized by R. lignosus, or on Trichoderma selective agar and b) from basidiomycete fruit bodies in rubber plantations. Modes of action of potential antagonists against R. lignosus were evaluated by in vitro methods viz: production of volatile or non-volatile inhibitory compounds and ability to overgrow colonies of R. lignosus on agar. Some Trichoderma spp. were strongly antagonistic to R. lignosus in most of the tests. T. longibrachiatum (isolate DZE10) completely inhibited R. lignosus on agar by producing voolatile inhibitory metabolities. Trametes sp. (isolates ISO16 & KIR8) antagonized R. lignosus on dual membered plates.
650 _aAntagonism
650 _aAntagonism
650 _aBiocontrol
650 _aHevea brasiliensis
650 _aMycelial cords
650 _aRigidoporus lignosus
700 _aDeacon J W
700 _aFernando T H P S
942 _cJS
999 _c60936
_d60936